000 00557nam a2200193Ia 4500
003 IN-BaIIA
008 211028s9999 xx 000 0 eng d
020 _a978-0-582-45023-3
040 _cIIA Library
080 _a531
_bKIB
100 _aKibble, T. W. B
_914222
245 0 _aClassical mechanics
_cT. W. B. Kibble
250 _a3rd ed.
260 _aLondon
_bLongmans
_c1985
650 _aClassical mechanics
_91541
650 _aHamiltonian mechanics
_914223
650 _aLinear motion
_914224
942 _cBK
999 _c8490
_d8490